| 000 | 00575nam a2200181 a 4500 | ||
|---|---|---|---|
| 001 | 5399 | ||
| 003 | CDMR | ||
| 005 | 20151016124801.0 | ||
| 008 | 130130s1989||||||||||||||||||||||||||||d | ||
| 020 | _a8460072398 | ||
| 040 |
_aCDMR _bcat _cCPC GIRONA |
||
| 245 | 0 | 0 |
_aPeriodisme en temps difícils _cMn. Joan Alemany ... [et al.] _b: l'Escola del CIC (1964-1974) |
| 260 |
_bDiputació de Barcelona _aBarcelona |
||
| 260 |
_c1989 _bCol·legi de Periodistes de Catalunya |
||
| 490 | 0 |
_aVaixells de Paper _v5 |
|
| 710 | 2 |
_9133 _aCol·legi de Periodistes de Catalunya |
|
| 942 |
_cMON _2udc |
||
| 999 |
_c5399 _d5399 |
||